[Event "BCF-ch Soanes U1750 op"]
[Site "Hull"]
[Date "2024.07.27"]
[Round "2"]
[White "Al Haidar, Hussam"]
[Black "Williams, Raymond"]
[Result "1/2-1/2"]
[WhiteElo "1592"]
[BlackElo "1691"]
[PlyCount "82"]
[EventDate "2024.07.26"]
[EventType "swiss"]
[EventRounds "5"]
[EventCountry "ENG"]
[SourceTitle "CBM 221 Extra"]
[Source "ChessBase"]
[SourceDate "2024.09.30"]
[SourceVersion "1"]
[SourceVersionDate "2024.09.30"]
[SourceQuality "1"]

1. e4 e6 2. d4 d5 3. Nc3 Bb4 4. Bd3 Ne7 5. a3 Bxc3+ 6. bxc3 b6 7. e5 Ba6 8. Nf3 Bxd3 9. cxd3 Nd7 10. 0-0 c5 11. a4 0-0 12. g4 Rc8 13. h4 Qe8 14. h5 h6 15. Nh4 f6 16. f4 g5 17. Ng2 f5 18. fxg5 fxg4 19. Qxg4 Rxf1+ 20. Kxf1 Qf7+ 21. Nf4 Qf5 22. Qxf5 Nxf5 23. Nxe6 cxd4 24. cxd4 hxg5 25. Bxg5 Ng3+ 26. Kf2 Nxh5 27. Rh1 Nf8 28. Rxh5 Nxe6 29. Bf6 Rc2+ 30. Ke3 Rc7 31. Rh8+ Kf7 32. Rh7+ Ke8 33. Rxc7 Nxc7 34. Kd2 Ne6 35. Kc3 Kd7 36. Bh4 a6 37. Bf2 Kc6 38. Be3 Kd7 39. Kb4 Kc6 40. Kc3 Kd7 41. Kb4 Kc6 1/2-1/2